00541nam a2200133Ia 4500008004100000100002400041245014400065245004300209260005300252260001800305300000800323650001500331856006100346170221s9999 xx 000 0 und d aVyacheslav T. Volov aSocio-Psychological Specifics of Higher Education Design of Convicts in Prisons on the Basis of Information and Communication Technologies  cVyacheslav T. Volov, Vsevolod V. Volov bInternational Review of Management and Marketing cDecember 2012 a4:2 xMarketing. uhttp://www.econjournals.com/index.php/irmm/issue/view/71